Nietzsche : φιλόσοφος της πολλαπλότητας και της μάσκας
Αποθηκεύτηκε σε:
| Μορφή: | Βιβλίο |
|---|---|
| Γλώσσα: | Greek |
| Δημοσίευση: |
Αθήνα ; Γιάννινα :
Δωδώνη,
1988
|
| Θέματα: | |
| Ετικέτες: |
Προσθήκη ετικέτας
Δεν υπάρχουν, Καταχωρήστε ετικέτα πρώτοι!
|
MARC
| LEADER | 00000cam a2200000 i 4500 | ||
|---|---|---|---|
| 001 | 1/88070 | ||
| 008 | 051025s1988 gre d | ||
| 035 | |l 10080985 | ||
| 040 | |a GR-MY-UA |b gre |e aacr | ||
| 041 | 0 | |a gre | |
| 082 | 0 | |a 193 |2 (22) | |
| 245 | 1 | 0 | |a Nietzsche : |b φιλόσοφος της πολλαπλότητας και της μάσκας / |c Δημήτρη Ν. Λαμπρέλλη |
| 260 | |a Αθήνα ; Γιάννινα : |b Δωδώνη, |c 1988 | ||
| 300 | |a 488 σ.; |c 25 εκ. | ||
| 504 | |a Βιβλιογραφία: σ. 475-488 | ||
| 600 | 1 | 0 | |a Nietzsche, Friedrich Wilhelm, |d 1844-1900. |
| 650 | 0 | 0 | |a Philosophy, German |y 19th century. |
| 852 | |a INST |b RHODES |c KRI |e 20051025 |h 193 ΛΑΜ |p 005400022601 |q 005400022601 |t BK |y 0 | ||
| 901 | |a BIBL4-2005-3 | ||
| 909 | |a Ρ |b 122214 | ||
| 970 | |a ΚΟΖΑ |b ΜΑΡΙΑ |z 2005/10/25 | ||